000 00619nam a2200133Ia 4500
008 171212s9999 xx 000 0 und d
020 _a9780833046550
100 _aGuarino, Cassandra M.;Galama, Titus;Constant, Louay;Gonzalez, Gabriella C.;Tanner, Jeffery C.
245 _cGuarino, Cassandra M.;Galama, Titus;Constant, Louay;Gonzalez, Gabriella C.;Tanner, Jeffery C.
_aDeveloping a School Finance System for K–12 Reform in Qatar
260 _bRAND Corporation
_c2009
650 _aEducation
650 _aEducation -- Qatar -- Finance; Educational change -- Qatar
856 _uwww.jstor.org/stable/10.7249/mg839qatar
999 _c351939
_d351939